MDQL
is popping MORE tags! Check the
thread
!
Quizzes
Events
Quiz Creation
Community
Videos
Private Events
Remove Ads
Sign In
Join for FREE
Feedback
Dark Mode
Quiz Categories
Sports
Geography
Music
Movies
Television
Just For Fun
Miscellaneous
History
Literature
Language
Science
Gaming
Entertainment
Religion
Holiday
For Kids
Quiz Lab
Recent
Popular Today
Quiz Kudos Today
Editor Picks
Curator Picks
Quizzes by...
Day
Popularity
Type
Ratings
Length
Year
Community
Subscriptions
Recent Discussions
Orange Saloon
Badges
Playlists
Quests
Create
Leaderboards
Showdown
Live 5
Trivia Bingo
Activity
Puzzle Library
Sporcle Events
Private Events
Virtual Trivia
Globe League
Become a Host
Pub Owners
SporcleCon
Opinionation
Our Games
Videos
Blog
Mobile Apps
Partnerships
Remove Ads and Go Orange
Feedback
Sports
Athletes
MLB
NBA
NHL
NFL
Soccer
Sports Teams
WWE
NCAA
Football
Premier League
Basketball
Baseball
Hockey
Golf
Tennis
Cricket
Rugby
Auto Racing
Olympics
World Cup
Sports
Athletes
MLB
NBA
NHL
NFL
Soccer
Sports Teams
WWE
NCAA
Football
Premier League
Basketball
Baseball
Hockey
Golf
Tennis
Cricket
Rugby
Auto Racing
Olympics
World Cup
Random Quiz
Search Sporcle
×
Quiz Lab
Quiz Lab
Sports
Hockey
Type in answers that appear in a list
Type in answers that appear in a list
Classic
Best Score? Go Orange.
Seattle Thunderbirds Final Roster 2010-2011 Stats
Can you name the Seattle Thunderbirds Final Roster of 2010-2011?
By
SeattleTbirds
7m
24 Questions
68 Plays
68 Plays
68 Plays
Comments
Comments
Give Quiz Kudos
Give Quiz Kudos
-
- Ratings
hide this ad
Replay
Link that replays current quiz
Next Quiz
Link to next quiz in quiz playlist
You Got
0%
They Got
Avg Score
72%
Avg Friend Score
Upgrade to see
Score Distribution
Jump to the score distribution portion of the page
Score
0/24
Timer
07:00
0
Plays Today
Position
Player
% Correct
Goalie
Calvin Pickard
94.1%
Forward
Luke Lockhart
88.2%
Goalie
Michael Salmon
86.8%
Defense
Brenden Dillon
83.8%
Forward
Mitch Elliot
82.4%
Forward
Colin Jacobs
82.4%
Forward
Tyler Alos
79.4%
Forward
Burke Gallimore
79.4%
Forward
Connor Sanvido
76.5%
Forward
Marcel Noebels
76.5%
Defense
Dave Sutter
76.5%
Forward
Justin Hickman
72.1%
Position
Player
% Correct
Forward
Chance Lund
70.6%
Forward
Jake Doty
70.6%
Forward
Brendan Rouse
67.6%
Defense
Erik Fleming
67.6%
Defense
Erik Bonsor
64.7%
Defense
Ryan Button
63.2%
Forward
Travis Toomey
61.8%
Forward
Branden Troock
61.8%
Defense
Travis Bobbee
60.3%
Defense
Austin Frank
57.4%
Defense
Shea Theodore
55.9%
Defense
Mitch Spooner
52.9%
Quiz Playlist
Details
Report
Send in Message
Add To Playlist
Classic:
Type in answers that appear in a list
Last Updated: Feb 16, 2017
Quiz Scoreboard
CHALLENGE
Sign Up to Join the Scoreboard
Show All
Scores
Hide
Comments
May contain spoilers
Recently Published
Street Fighter Characters
by Artimus82
Gaming
60s
9x9 Crossword: Cartoon Network
by jackfrog10
Miscellaneous
3m
College Basketball Coaching Resumes
by pancakes188
Sports
9m
More to Explore
Quiz From the Vault
Featured Blog Post
Where Did the Easter Bunny Come From?
hide this ad
You Might Also Like...
Tags
Hockey Quiz
Roster
Seattle
Today's Top Quizzes in Sports
Browse Sports
hide this ad
Today's Top Quizzes in Hockey
Browse Hockey
Top Contributed Quizzes in Sports
1
2022 World Cup Stars
2
Les meilleurs buteurs des matchs entre le PSG et l’OM
3
FIFA Club World Cup Champions
4
Les entraîneurs de l'OM et du PSG au 21e siècle
5
Criteria MLB: Left Handed Sluggers
6
2023 MLB Unique Player Accomplishments
7
AFC Teams Reveal (Wrong Answers Minefield)
8
Players with Multiple 50 Home Run Seasons
9
5-to-1: FBS Animal Nicknames
10
5-to-1: UK Sports Teams
Explore More
Trending Topics
NBA
Anime
Kpop
Marvel
Harry Potter
Crossword
Disney
Country
Soccer
Pokémon
WWE
NFL
Puzzle
The Office
Song
hide this ad
More By:
SeattleTbirds
Quiz
Plays
Rating
Category
Featured
Created
Name the WHL Teams
498
Sports
Jun 7, 2016
Seattle Thunderbirds NHL Entry Draft Selections
136
3.00
Sports
Jun 23, 2011
Name the 2015-16 Seattle Thunderbirds
114
Sports
Jul 15, 2016
Seattle Thunderbirds Team Captains
105
Sports
Jun 15, 2011
Seattle Thunderbirds NHL Players
74
Sports
Oct 24, 2011
Go to Creator's Profile
Score Distribution
Quiz Creator Spotlight
SeattleTbirds
Follow
Send a Message
Quizzes Created
-
Created Quiz Play Count
-
More By This Creator
Popular Quizzes Today
1
Find the US States - No Outlines Minefield
2
Find the Countries of Europe - No Outlines Minefield
3
The Countries of the World
4
Find the US States
5
Risky Map Clicking: Biggest States A-Z
6
US States
7
Popular People in 1961
8
Movies - When Are They Set?
More Sports Quizzes
'K' Names for NBA Players
Quiz Lab
Trending Quizzes
Risky Map Clicking: Least Populous States A-Z
1-10 Letter G Words
Risky Map Clicking: Next State Alphabetically
Adjectives in 80s TV Shows
The Seven Year Switch: Catherine
Recently Updated
Leaping Animals
pecheneg
Reality TV Shows (A-Z)
bhenderson79
Rickey Henderson's Hall of Fame Teammates
pecheneg
Champions League XIs: Arsenal
pecheneg
Quick Pick: Celebrities in WWE's Hall of Fame
aduchscher
A-Z Keypad Blitz II
pecheneg
Multiple Oscar Actors
pecheneg
Mystery Phrase Blitz: Oscar 'Best Actors'
pecheneg
F. Scott Fitzgerald Novels
LTH
Pick 3 Villains
ddd62291
Trending Topics
Kpop
Harry Potter
Marvel
NBA
Crossword
Disney
Anime
Soccer
Pokémon
Country
Puzzle
Song
WWE
NFL
The Office
Your Account Isn't Verified!
In order to create a playlist on Sporcle, you need to verify the email address you used during registration. Go to your
Sporcle Settings
to finish the process.
Report this User
Report this user for behavior that violates our
Community Guidelines
.
Details:
Send Report
Go to the Sporcle.com Mobile Site →
Comments